El Niño Zurquí y su túnel
保存先:
| 第一著者: | |
|---|---|
| フォーマット: | 図書 |
| 言語: | Undetermined |
| 出版事項: |
San José, Costa Rica
Jiménez & Tanzi
1996
|
| 主題: | |
| タグ: |
タグ追加
タグなし, このレコードへの初めてのタグを付けませんか!
|
MARC
| LEADER | 00000nam a2200000Ia 4500 | ||
|---|---|---|---|
| 008 | 170316s9999 xx 000 0 und d | ||
| 090 | |a 809 C-2.1n | ||
| 100 | |a Collado, Delfina | ||
| 245 | |a El Niño Zurquí y su túnel | ||
| 260 | |a San José, Costa Rica | ||
| 260 | |b Jiménez & Tanzi | ||
| 260 | |c 1996 | ||
| 300 | |a 15 páginas | ||
| 650 | |a LITERATURA COSTARRICENSE | ||
| 650 | |a CUENTOS COSTARRICENSES | ||
| 650 | |a CUENTOS INFANTILES | ||
| 999 | |c 20780 |d 20780 | ||
| 040 | |a cru BVZT | ||
| 942 | |c 15 D |h 809 C-2.1n |2 z | ||
